|
|
|
|
| LEADER |
00000nab a2200000 a 4500 |
| 001 |
vtls001012732 |
| 003 |
SK-MaSNL |
| 005 |
20260303210736.0 |
| 008 |
040720e20030819xo 0 slo |
| 035 |
|
|
|a RV13332
|
| 040 |
|
|
|a RVGKPD
|b slo
|c RVGKPD
|e AACR2
|
| 041 |
0 |
|
|a slo
|
| 044 |
|
|
|a xo
|c SK
|
| 080 |
|
|
|a 394.2
|2 1981
|
| 080 |
|
|
|a 728.8
|2 1981
|
| 100 |
1 |
|
|a Hudecová, Dorota
|4 aut
|9 872807
|
| 245 |
1 |
0 |
|a Krásna Hôrka
|
| 610 |
2 |
7 |
|a Krásna Hôrka (Krásnohorské Podhradie, Slovensko : hrad)
|2 RVGKPD
|9 31335
|
| 611 |
1 |
7 |
|a Hrady a zámky
|2 RVGKPD
|9 1025325
|
| 650 |
0 |
7 |
|a voľný čas
|2 RVGKPD
|9 3355
|
| 651 |
|
7 |
|a RV,
|2 RVGKPD
|9 1023870
|
| 655 |
|
7 |
|a periodikum
|2 snkbucl
|9 29553
|
| 710 |
2 |
|
|a Krásna Hôrka (Krásnohorské Podhradie, Slovensko : hrad)
|4 aut
|9 31335
|
| 710 |
2 |
|
|a Tlačová agentúra Slovenskej republiky
|4 fot
|9 177619
|
| 773 |
0 |
8 |
|t Pravda
|g Roč. 13, č.191, 19.8.2003, s. 17
|
| 852 |
|
|
|a ZVYKNI
|b KIS3GCP
|
| 999 |
|
|
|c 2201474
|d 2203404
|